University Home | Library Home | Institutional Repository

Gesamtausgabe / (Record no. 186892)

MARC details
000 -LEADER
fixed length control field 01029cam7a220026500 4500
001 - CONTROL NUMBER
control field qcf00045670
005 - DATE AND TIME OF LATEST TRANSACTION
control field 20190830105455.0
008 - FIXED-LENGTH DATA ELEMENTS--GENERAL INFORMATION
fixed length control field 781103c19581943gw 000 0 ger d
035 ## - SYSTEM CONTROL NUMBER
System control number (Sirsi) r26405
035 ## - SYSTEM CONTROL NUMBER
System control number (QCAT)lss02131193
035 ## - SYSTEM CONTROL NUMBER
System control number (UPRA)qcf00045670
040 ## - CATALOGING SOURCE
Modifying agency UPRA
100 1# - MAIN ENTRY--PERSONAL NAME
Personal name Busch, Wilhelm, 1832-1908.
Dates associated with a name Busch, Wilhelm, 1832-1908.
Linkage A90120.1
245 10 - TITLE STATEMENT
Title Gesamtausgabe /
Statement of responsibility, etc. Wilhelm Busch ; hrsg. von Otto Noldeke.
250 ## - EDITION STATEMENT
Edition statement 4. Aufl.
260 ## - PUBLICATION, DISTRIBUTION, ETC.
Place of publication, distribution, etc. Munchen :
Name of publisher, distributor, etc. Braun & Schneider,
Date of publication, distribution, etc. 1958, c1943.
700 1# - ADDED ENTRY--PERSONAL NAME
Personal name Noldeke, Otto, b. 1867.
Dates associated with a name Noldeke, Otto, b. 1867.
Linkage A90121.1
949 ## - LOCAL PROCESSING INFORMATION (OCLC)
a PT2603.U8
v VOL. 1
w lcc
i -27142
m MAIN
t BOOK
l ON-SHELF
949 ## - LOCAL PROCESSING INFORMATION (OCLC)
a PT2603.U8
v VOL. 2
w lcc
i -27143
m MAIN
t BOOK
l ON-SHELF
949 ## - LOCAL PROCESSING INFORMATION (OCLC)
a PT2603.U8
v VOL. 3
w lcc
i -27144
m MAIN
t BOOK
l ON-SHELF
949 ## - LOCAL PROCESSING INFORMATION (OCLC)
a PT2603.U8
v VOL. 4
w lcc
i -27145
m MAIN
t BOOK
l ON-SHELF
949 ## - LOCAL PROCESSING INFORMATION (OCLC)
a PT2603.U8
v VOL. 5
w lcc
i -27146
m MAIN
t BOOK
l ON-SHELF
949 ## - LOCAL PROCESSING INFORMATION (OCLC)
a PT2603.U8
v VOL. 6
w lcc
i -27147
m MAIN
t BOOK
l ON-SHELF

No items available.

© 2026 - The University of Zambia Library - Koha v25.11